[Event "Oslo Stjernen op B"]
[Site "Oslo"]
[Date "2017.06.18"]
[Round "5"]
[White "Kroken, John Olav"]
[Black "Lystad, Maximilian L"]
[Result "1/2-1/2"]
[WhiteElo "1359"]
[BlackElo "1458"]
[PlyCount "170"]
[EventDate "2017.06.16"]
[EventType "swiss"]
[EventRounds "6"]
[EventCountry "NOR"]
[SourceTitle "EXT 2024"]
[Source "ChessBase"]
[SourceDate "2023.10.10"]
[SourceVersion "1"]
[SourceVersionDate "2023.10.10"]
[SourceQuality "1"]

1. d4 e6 2. Bf4 d5 3. e3 Bd6 4. Bg3 Nf6 5. Nd2 0-0 6. Bd3 b6 7. Qe2 c5 8. c3 c4 9. Bc2 Nc6 10. Ngf3 Re8 11. Ne5 Bxe5 12. dxe5 Nd7 13. f4 f6 14. Bh4 Qe7 15. Qh5 g6 16. Qf3 Qf7 17. Nxc4 dxc4 18. Qxc6 Ba6 19. 0-0-0 Rad8 20. Rd6 Nb8 21. Qa4 Rxd6 22. exd6 Rd8 23. Rd1 Qf8 24. Qa3 Rd7 25. e4 Qh6 26. Bg3 g5 27. fxg5 Qxg5+ 28. Kb1 e5 29. b3 Qe3 30. bxc4 Bxc4 31. Kb2 b5 32. Bb3 Qe2+ 33. Ka1 Kg7 34. Re1 Qd3 35. Bxc4 bxc4 36. Bf2 Qd2 37. Qb2 Qxd6 38. Qe2 Qd2 39. Qxd2 Rxd2 40. Bxa7 Nc6 41. Bc5 Rxg2 42. h3 Rc2 43. Re3 Kg6 44. Kb1 Rd2 45. a4 Rd1+ 46. Kb2 Rd2+ 47. Ka3 Rd1 48. Re2 Rd3 49. Bb4 Rxh3 50. a5 Rd3 51. Ka4 Na7 52. a6 Rd7 53. Bc5 Nc8 54. Kb4 h5 55. Ra2 h4 56. a7 Nxa7 57. Bxa7 Rc7 58. Bc5 Kg5 59. Kxc4 Kg4 60. Kd5 Kg3 61. Bf2+ Kg4 62. c4 h3 63. Bg1 Rg7 64. Bh2 Kf3 65. c5 Rg2 66. Ra3+ Kg4 67. c6 Rxh2 68. Rc3 Rd2+ 69. Ke6 h2 70. Rc1 Rd8 71. c7 Ra8 72. Kd7 Ra7 73. Kd8 Ra8+ 74. c8Q+ Rxc8+ 75. Kxc8 h1Q 76. Rxh1 f5 77. exf5 Kxf5 78. Kd7 e4 79. Rf1+ Ke5 80. Rf8 e3 81. Re8+ Kd4 82. Kc6 Kd3 83. Kc5 e2 84. Rd8+ Kc3 85. Re8 Kd2 1/2-1/2

[Event "Sandefjord GP Group-B"]
[Site "Sandefjord"]
[Date "2006.10.14"]
[Round "3"]
[White "Lynghaug, Magnus"]
[Black "Kroken, John Olav"]
[Result "0-1"]
[WhiteElo "1023"]
[BlackElo "1098"]
[PlyCount "76"]
[EventDate "2006.10.13"]
[EventType "swiss"]
[EventRounds "5"]
[EventCountry "NOR"]
[SourceTitle "EXT 2009"]
[Source "ChessBase"]
[SourceDate "2008.11.26"]
[SourceVersion "1"]
[SourceVersionDate "2008.11.26"]
[SourceQuality "1"]

1. e4 e5 2. Bc4 Nf6 3. Nc3 d6 4. d3 Be7 5. Nf3 c6 6. Bg5 b5 7. Bb3 Bg4 8. h3 Bd7 9. 0-0 Na6 10. a3 Nc5 11. Ba2 Be6 12. Bxe6 Nxe6 13. Bh4 Qc7 14. d4 exd4 15. Nxd4 0-0 16. Nf5 Nf4 17. Bxf6 Bxf6 18. Qxd6 Qxd6 19. Nxd6 Rad8 20. Rad1 Bxc3 21. bxc3 Ne2+ 22. Kh1 Nxc3 23. Rd3 Na4 24. Rb1 Nc5 25. Rdd1 Rd7 26. f3 Rfd8 27. e5 f6 28. f4 Ne4 29. Nxe4 Rxd1+ 30. Rxd1 Rxd1+ 31. Kh2 fxe5 32. fxe5 Re1 33. Nd6 Rxe5 34. Nc8 Re2 35. Nxa7 Rxc2 36. Kg3 Rc3+ 37. Kf4 Rxa3 38. Nxc6 b4 0-1